000
00159 a2200085 4500
041
_a
eng
100
_a
Siminovich,Gillingham
245
_a
In my Pond
942
_c
BK
999
_c
31822
_d
31820